Les espèces de requins dangereuses pour l'Homme - Statistiques

Statistiques générales
  • Ce quiz a été pris 171 fois
  • Le résultat moyen est 3 sur 5
Statistiques - réponses
Espèces de requins dangereuses pour l'Homme % Correct
Requin tigre
90%
Grand requin blanc
87%
Requin bouledogue
73%
Requin mako
42%
Requin longimane
14%
Aucun quiz correspondant
Distribution des résultats
% des personnes avec chaque résultat
Percentile par nombre de réponses
Votre historique - résultats
Vous n’avez pas pris ce quiz